000 00277nam a2200097Ia 4500
008 220204s9999 xx 000 0 und d
082 _a691.8(047)(593)
_bMAR
245 0 _aMarket survey for building hardware in Thailand
260 _aDelhi
_bMinistry of Foreign trade
942 _cBK
999 _c22354
_d22354